|
|
|
|
| LEADER |
01770nam a2200301 a 4500 |
| 001 |
0017772 |
| 003 |
BD-DhAAL |
| 008 |
090822s2008 enka b 001 0 eng d |
| 010 |
|
|
|a 2008014516
|
| 020 |
|
|
|a 0230553516 (alk. paper)
|
| 020 |
|
|
|a 9780230553514 (alk. paper)
|
| 040 |
|
|
|a DLC
|c DLC
|d UKM
|d BTCTA
|d YDXCP
|d BAKER
|d BWKUK
|d BWK
|d BWX
|d CDX
|d DLC
|d BD-DhAAL
|
| 082 |
0 |
0 |
|a 428.24
|2 22
|
| 245 |
0 |
0 |
|a Professional encounters in TESOL :
|b discourses of teachers in teaching /
|c edited by Sue Garton and Keith Richards.
|
| 260 |
|
|
|a Basingstoke [England] ;
|a New York :
|b Palgrave Macmillan,
|c 2008.
|
| 300 |
|
|
|a xxvii, 262 p. :
|b ill. ;
|c 23 cm
|
| 490 |
0 |
|
|a Palgrave studies in professional and organizational discourse
|
| 504 |
|
|
|a Includes bibliographical references and index.
|
| 526 |
|
|
|a ENH
|x Sohana Manzoor
Faculty Member of BRAC University
Course No. : ENG 327
|
| 541 |
1 |
|
|e 00017772
|a Karim International
|
| 650 |
|
0 |
|a English language
|x Study and teaching
|x Foreign speakers.
|
| 700 |
1 |
|
|a Garton, Sue,
|d 1961-
|9 58266
|
| 700 |
1 |
|
|a Richards, Keith,
|d 1952-
|9 58267
|
| 852 |
4 |
|
|a Ayesha Abed Library
|c General Stacks
|j
|
| 942 |
|
|
|2 ddc
|c BK
|
| 999 |
|
|
|c 3319
|d 3319
|
| 952 |
|
|
|0 0
|1 0
|2 ddc
|4 0
|6 428_240000000000000_GAR_2008
|7 0
|8 NFIC
|9 3010
|a BRACUL
|b BRACUL
|c GEN
|d 2009-08-31
|e Karim International
|g 4875.00
|l 4
|m 2
|o 428.24 GAR
|p 3010017772
|r 2015-04-05
|s 2015-02-20
|t 1
|w 2009-08-31
|y BK
|x Requisitioned by Sohana Manzoor (Faculty member of BRAC University) for the course no. : ENG 327.
|
| 952 |
|
|
|0 0
|1 0
|2 ddc
|4 0
|6 428_240000000000000_GAR_2008
|7 0
|8 NFIC
|9 9692
|a BRACUL
|b BRACUL
|c GEN
|d 2010-05-03
|e Karim International
|g 4875.00
|l 2
|m 1
|o 428.24 GAR
|p 3010017773
|r 2013-08-01
|s 2013-07-25
|t 2
|w 2010-05-03
|y BK
|x Requisitioned by Sohana Manzoor (Faculty member of BRAC University) for the course no. : ENG 327.
|